000 00565nam a2200217 a 4500
001 BRL_448
005 20190320210739.0
008 140813s1946----mx-a######---#000-0#spa-#
041 _aspa
044 _amx
050 4 _aF1219.76.C35
_b.P35 1946
100 1 _aPalacios, Juan
_923946
245 1 0 _aLa piedra del sol
_cJuan Palacios.
260 _aMéxico
_bAmericae Summa Gemma
_c1946
300 _a30 p.
_bil.
_c23 cm.
500 _aAu470
500 _aIncluye dedicatoria a Ruth Lechuga.
650 1 4 _aCalendario azteca
_9777
902 _aGRL
942 _2lcc
_cB
999 _c9260
_d9260